[Event "IPCA Wch 21st"]
[Site "Ashdod"]
[Date "2022.05.12"]
[Round "5"]
[White "Shapiro, Evgeny"]
[Black "Valenta, Vit"]
[Result "0-1"]
[WhiteElo "1884"]
[BlackElo "2014"]
[PlyCount "97"]
[EventDate "2022.05.09"]
[EventType "swiss"]
[EventRounds "9"]
[EventCountry "ISR"]
[SourceTitle "CBM 208 Extra"]
[Source "ChessBase"]
[SourceDate "2022.07.31"]
[SourceVersion "1"]
[SourceVersionDate "2022.07.31"]
[SourceQuality "1"]

1. d4 Nf6 2. c4 d6 3. Nc3 g6 4. e4 Bg7 5. h3 Nbd7 6. Nf3 e5 7. d5 0-0 8. Bd3 a5 9. 0-0 Nh5 10. a3 Nf4 11. Bc2 Nb6 12. c5 dxc5 13. Be3 Nd7 14. Nb5 b6 15. d6 Ba6 16. Nxc7 Bxf1 17. Qxf1 Rc8 18. g3 Ne6 19. Nxe6 fxe6 20. Ng5 Rf6 21. h4 h6 22. Nh3 Nb8 23. Rd1 Rc6 24. d7 Rc7 25. Ba4 Rf7 26. Qc4 Re7 27. Rd6 Nxd7 28. Rxe6 Rxe6 29. Qxe6+ Kh7 30. Bb3 Nf6 31. Qxb6 Qc8 32. Bc4 Qb7 33. Qxa5 Rd7 34. f3 Rd1+ 35. Kf2 Qxb2+ 36. Be2 Rh1 37. Ng1 Rxg1 38. Kxg1 Qxe2 39. Bf2 Qxf3 40. Qxc5 Nxe4 41. Qe3 Qd1+ 42. Kg2 Qc2 43. Qf3 Nxf2 44. Qxf2 Qxf2+ 45. Kxf2 Bf8 46. a4 Kg7 47. Kf3 Kf6 48. Ke4 Ke6 49. g4 0-1

[Event "ISR-ch op"]
[Site "Safed"]
[Date "2021.12.10"]
[Round "3"]
[White "Goldin, Roman"]
[Black "Shapiro, Evgeny"]
[Result "1-0"]
[WhiteElo "2285"]
[BlackElo "1936"]
[PlyCount "53"]
[EventDate "2021.12.08"]
[EventType "swiss"]
[EventRounds "9"]
[EventCountry "ISR"]
[SourceTitle "CBM 205 Extra"]
[Source "ChessBase"]
[SourceDate "2022.01.31"]
[SourceVersion "1"]
[SourceVersionDate "2022.01.31"]
[SourceQuality "1"]

1. e4 c5 2. Nf3 d6 3. Bc4 Nc6 4. 0-0 e6 5. a3 Nf6 6. d3 Be7 7. Nc3 0-0 8. Ba2 Rb8 9. Ng5 b5 10. f4 b4 11. axb4 cxb4 12. Nb1 Qb6+ 13. Kh1 Na5 14. Nd2 Bd7 15. Qf3 Qc7 16. Bb1 Bc6 17. Qg3 Rb5 18. Ndf3 e5 19. fxe5 dxe5 20. Nxh7 Nxh7 21. Bh6 g6 22. Nd4 Rb7 23. Ne6 Qb6 24. Qxe5 f6 25. Qxa5 Qxa5 26. Rxa5 Rf7 27. Ba2 1-0

[Event "ISR-ch op"]
[Site "Safed"]
[Date "2021.12.08"]
[Round "1"]
[White "Bronstein, Or"]
[Black "Shapiro, Evgeny"]
[Result "1-0"]
[WhiteElo "2484"]
[BlackElo "1936"]
[PlyCount "56"]
[EventDate "2021.12.08"]
[EventType "swiss"]
[EventRounds "9"]
[EventCountry "ISR"]
[SourceTitle "CBM 205 Extra"]
[Source "ChessBase"]
[SourceDate "2022.01.31"]
[SourceVersion "1"]
[SourceVersionDate "2022.01.31"]
[SourceQuality "1"]

1. d4 Nf6 2. c4 g6 3. Nc3 d5 4. cxd5 Nxd5 5. e4 Nxc3 6. bxc3 Bg7 7. Nf3 0-0 8. Be2 c5 9. 0-0 Nc6 10. Be3 Bg4 11. d5 Bxf3 12. Bxf3 Na5 13. Bxc5 Bxc3 14. Rc1 Bg7 15. Re1 b6 16. Bb4 Be5 17. Bg4 Nb7 18. Qd2 a5 19. Bc3 Qd6 20. Bxe5 Qxe5 21. f4 Qb8 22. e5 Nc5 23. f5 Kh8 24. Rc3 Rg8 25. Rh3 g5 26. f6 e6 27. Qc2 Rg6 28. dxe6 Qg8 1-0